000 00926 am a2200253 a 4500
005 20240520122013.0
008 100407s2006||||ag a f |||| 000 0 spa d
020 _a9872309221
041 _aspa
092 _c618.92
_l75
_sROD
100 1 _aRodríguez, Diana C.
_9299
245 _aBebés Prematuros.
_bSus días en neonatología. Llegada a la casa. El seguimiento /
_cDiana C. Rodríguez
250 _a1a ed.
260 _aBuenos Aires:
_bdelhospital ediciones;
_c2006.
300 _a123 p.
_c19x15 cm.
500 _aRodríguez, D. C. y Ceriani Cernadas, J. M. (2006). Bebés Prematuros. Sus días en neonatología. Llegada a la casa. El seguimiento. (1a ed.). Buenos Aires : delhospital ediciones.
590 _aDonación Hospital Italiano, 2007
653 _aPediatría
653 _aBebes prematuros
653 _aNeonatología
700 1 _aCeriani Cernadas, José M.
_9300
930 _a1853
942 _2ddc
_cBK
999 _c239
_d239